The forgotten garden / (Record no. 24168)

MARC details
000 -LEADER
fixed length control field 00652nam a22002057a 4500
005 - DATE AND TIME OF LATEST TRANSACTION
control field 20090221154012.0
008 - FIXED-LENGTH DATA ELEMENTS--GENERAL INFORMATION
fixed length control field 090221t xxu||||| |||| 00| f eng d
020 ## - INTERNATIONAL STANDARD BOOK NUMBER
International Standard Book Number 9780330449601
Terms of availability £7.99
037 ## - SOURCE OF ACQUISITION
Source of stock number/acquisition Aakar Books
040 ## - CATALOGING SOURCE
Original cataloging agency dpl
Language of cataloging English
082 ## - DEWEY DECIMAL CLASSIFICATION NUMBER
Classification number N
100 ## - MAIN ENTRY--PERSONAL NAME
Personal name Morton, Kate
245 ## - TITLE STATEMENT
Title The forgotten garden /
Statement of responsibility, etc by Kate Morton
260 ## - PUBLICATION, DISTRIBUTION, ETC. (IMPRINT)
Place of publication, distribution, etc London
Name of publisher, distributor, etc Pan Macmillan
Date of publication, distribution, etc 2008
270 ## - ADDRESS
Address 20,New Wharf Road
City London
Postal code N1 9RR
300 ## - PHYSICAL DESCRIPTION
Extent 529p.
Dimensions 21cm.(pbk)
942 ## - ADDED ENTRY ELEMENTS (KOHA)
Source of classification or shelving scheme Dewey Decimal Classification
Item type English Books
Classification part N
Call number suffix MOR
Holdings
Withdrawn status Lost status Source of classification or shelving scheme Damaged status Not for loan Collection code Home library Current library Date acquired Cost, normal purchase price Total Checkouts Full call number Date last seen Cost, replacement price Koha item type
    Dewey Decimal Classification   Ordered Fiction Andrews Gunj Andrews Gunj 21/02/2009 0.00   N MOR 21/02/2009 0.00 English Books

© Delhi Public Library
Hit Counter
free hit counter